Countries images - Statistics

Statistiche generali
  • Questo quiz è stato fatto 35 volte
  • Il punteggio medio è 8 su 12
Statistiche sulle risposte
con Immagini Risposta % Corretto
Stati uniti
97%
Regno unito
94%
Australia
91%
Francia
91%
Italia
84%
Spagna
84%
Turchia
69%
Messico
47%
Nuova Zelanda
44%
Thailandia
41%
Germania
38%
Sudafrica
9%
Nessun quiz corrispondente trovato
Distribuzione punteggi
Percentuale di utenti per punteggio
Percentile per numero di risposta
I tuoi punteggi nel tempo
Non hai fatto questo quiz